Az interaktív tábla a motiváció eszköze

Elmentve itt :
Bibliográfiai részletek
Szerző: Czédli Márta
További közreműködők: Füvesi István (Témavezető)
Dokumentumtípus: Szakdolgozat
Megjelent: 2009
Tárgyszavak:
Online Access:http://diploma.bibl.u-szeged.hu/3356
LEADER 00786nta a2200181 i 4500
001 dipl3356
005 20160520160949.0
008 110407s2009 hu om 0|| hun d
040 |a SZTE Diploma Repozitórium  |b hun 
041 |a hun 
100 1 |a Czédli Márta 
245 1 3 |a Az interaktív tábla a motiváció eszköze  |h [elektronikus dokumentum] /  |c Márta Czédli 
260 |c 2009 
650 4 |a Informatika 
700 1 |a Füvesi István  |e ths 
856 4 0 |u http://diploma.bibl.u-szeged.hu/id/eprint/3356/1/2009_czedli_marta_09_21.pdf  |z Dokumentum-elérés  
856 4 0 |u http://diploma.bibl.u-szeged.hu/id/eprint/3356/2/2009_czedli_marta_09_21_biralat.pdf  |z Dokumentum-elérés  
856 4 0 |u http://diploma.bibl.u-szeged.hu/id/eprint/3356/3/2009_czedli_marta_09_21_melleklet.tar.gz  |z Dokumentum-elérés